[Event "EYCC Open U16 2018"]
[Site "Riga"]
[Date "2018.08.20"]
[Round "1"]
[White "Sonis, Francesco"]
[Black "Brilej, Jaka"]
[Result "1-0"]
[WhiteElo "2468"]
[BlackElo "2098"]
[Annotator "TA"]
[PlyCount "85"]
[EventDate "2018.08.20"]
[EventType "swiss"]
[EventCountry "LAT"]
[SourceTitle "playchess.com"]
[Source "ChessBase"]
[SourceQuality "1"]

{[%evp 11,85,24,40,41,25,10,138,123,154,146,145,156,149,139,150,133,154,137,210,204,294,285,303,299,331,329,324,310,315,304,376,373,355,352,485,468,474,484,470,456,437,433,680,482,462,465,468,476,461,472,449,459,447,427,464,369,514,510,480,462,480,465,458,414,574,550,516,470,492,638,633,633,633,632,630,619]} 1. Nf3 f5 2. d3 d6 3. e4 e5 4. Nc3 c5 (4... Be7 5. d4 fxe4 6. Nxe4 d5 7. Neg5 exd4 8. Bd3 Qd6 9. Nxd4 c5 10. Nb5 Qe5+ 11. Be3 Na6 12. O-O {1-0 (36) Svidler,P (2751)-Bu,X (2710) Tbilisi 2017}) 5. g3 Nc6 6. Bg2 {A04: Unusual lines after 1 Nf3 and King's Indian Attack} Nf6 {LiveBook: 3 Games} 7. Bg5 Be7 8. Nh4 {White has an edge.} O-O $146 (8... fxe4 $11 {remains equal.} 9. dxe4 Nd4) ({Predecessor:} 8... f4 9. gxf4 O-O 10. f5 Nxe4 11. Bxe7 Qxe7 12. dxe4 Qxh4 {1-0 (40) Sonis,F (2450)-Esposito,L (2196) Porto Mannu 2017}) 9. Nxf5 $16 ({Much less strong is} 9. exf5 Nd4 $14) 9... Bxf5 10. exf5 Qd7 11. g4 Rae8 12. Bd2 Kh8 13. O-O Nd4 14. Ne4 Nxe4 (14... d5 $16) 15. dxe4 $18 Qb5 {[#]} (15... g6 {was called for.} 16. c3 Nc6) 16. Re1 $1 Qxb2 17. c3 Nc6 18. g5 g6 19. f6 Bd8 20. h4 {[%cal Bh2h4,Bh4h5][%mdl 32]} Qb6 21. h5 Qc7 22. Re3 Rf7 23. Rh3 Rg8 24. hxg6 Rxg6 25. Qh5 Kg8 26. Kh2 Na5 (26... Bxf6 $142 27. gxf6 Rfxf6) 27. Rh1 Bxf6 28. gxf6 Rfxf6 29. Kg1 Qg7 30. Qxh7+ Kf7 31. Qxg7+ Rxg7 32. Rh7 Nc4 33. Bc1 b5 34. Rxg7+ Kxg7 35. Kf1 a5 36. Ke2 b4 37. Rh3 a4 {If Black can now play ...b3 this consolidates a bit.} 38. cxb4 {White is clearly winning.} cxb4 39. Kd3 Rxf2 {...Nb2+ would now be nice for Black.} 40. Rg3+ ({Less strong is} 40. Kxc4 Rxg2 41. Kxb4 Rxa2 $18) 40... Kf7 41. Kxc4 Rc2+ 42. Kxb4 Rxc1 43. Kxa4 {Precision: White = 89%, Black = 58%.} 1-0

[Event "EYCC Open U16 2018"]
[Site "Riga"]
[Date "2018.08.20"]
[Round "1"]
[White "Zarubitski, Viachaslau"]
[Black "Sjoberg, Isak"]
[Result "1-0"]
[WhiteElo "2416"]
[BlackElo "2089"]
[Annotator "TA"]
[PlyCount "115"]
[EventDate "2018.08.20"]
[EventType "swiss"]
[EventCountry "LAT"]
[SourceTitle "playchess.com"]
[Source "ChessBase"]
[SourceQuality "1"]

{[%evp 24,115,35,29,86,75,117,35,39,33,54,2,33,29,42,42,53,23,106,107,128,141,147,4,235,105,209,0,0,0,360,342,464,413,448,447,439,439,438,434,413,0,418,0,401,400,385,395,516,512,475,220,250,0,443,408,517,338,338,323,281,64,47,0,0,0,0,0,0,0,0,0,0,0,0,0,0,0,0,0,0,0,0,0,0,-8,29,32,35,25,29991,29992,29998,29999]} 1. e4 e5 2. Nf3 Nc6 3. Bb5 a6 4. Ba4 Nf6 5. O-O Be7 6. Re1 b5 7. Bb3 O-O 8. h3 Bb7 9. d3 d5 {C88: Closed Ruy Lopez: Anti-Marshall Systems} 10. exd5 Nxd5 11. Nxe5 (11. a4 Nd4 12. Nxd4 exd4 13. axb5 axb5 14. Rxa8 Bxa8 15. Na3 Bb4 16. Bd2 Bxd2 17. Qxd2 {1-0 (85) Wei,Y (2735)-Inarkiev,E (2690) Magas 2018}) 11... Nd4 12. Nc3 Nxb3 13. axb3 {LiveBook: 15 Games} Bf6 (13... f6 $11 14. Ng4 Nxc3 15. bxc3 Qd7) 14. Bd2 Qd6 15. Nf3 (15. Ng4 $1 $16) 15... Nxc3 $14 16. Bxc3 Rfe8 $146 ({Predecessor:} 16... Bxc3 17. bxc3 {½-½ (48) Ushakova,E-Koroleva,V Kaluga 1996}) 17. b4 (17. Nd2 $14) 17... Rxe1+ 18. Qxe1 Bxf3 19. gxf3 Bxc3 20. bxc3 $11 {[%mdl 4096] Endgame KQR-KQR} f5 (20... Qd7 $11 {keeps the balance.}) 21. Qe3 $16 Qg6+ 22. Kf1 $1 Qh5 23. Qe6+ (23. h4 $1 $16) 23... Kh8 $2 {[#]} (23... Kf8 $1 $11 {and Black is okay.}) 24. Kg2 (24. Qc6 $1 $18 {[%cal Rc6a8]} Rg8 25. Rxa6) 24... Re8 (24... Qg5+ $16 25. Kf1 h6) 25. Qxa6 $2 (25. Qc6 $18) 25... Qg5+ $11 26. Kf1 h6 $2 {[%mdl 8192]} (26... Qh5 $11) 27. Qxb5 $18 Re6 {intending ...Qh5.} 28. Qd5 Rd6 29. Ra8+ Kh7 {( -> ...Qc1+)} 30. Qg8+ Kg6 {Threatens to win with ...Qc1+.} 31. Qe8+ Kh7 {Black wants to play ...Qc1+.} 32. Qg8+ Kg6 33. Qe8+ Kh7 $1 {Threatening ...Qc1+.} 34. Qe3 Qh4 35. Ke2 Qxh3 36. Qe8 Qh4 37. Qg8+ (37. Rc8 $142) 37... Kg6 38. Qe8+ $2 (38. Re8) 38... Kh7 $1 39. Qf7 Qf4 40. Qg8+ Kg6 41. Qe8+ Kf6 {[#] White must now prevent ...Re6+.} 42. Qf8+ $2 (42. Qe3 $1 $18 {[%cal Re3f4]} Re6 43. Rf8+ Ke7 44. Re8+ Kxe8 45. Qxe6+ Kf8 46. Qe3) 42... Kg6 $14 {Strongly threatening ...Re6+.} 43. Re8 {aiming for Re7.} ({Don't play} 43. Qe8+ $6 Kf6 $18) 43... Qc1 44. Re3 Qxc2+ 45. Kf1 Qxc3 46. f4 Qf6 ({Don't go for} 46... Rxd3 $2 47. Qe8+ (47. Re6+ Kh5 $14) 47... Kh7 48. Re6 $18) 47. Qg8 {And now Rg3+ would win.} Qf7 48. Rg3+ Kf6 49. Qa8 {Qa1+ is the strong threat.} Qd5 50. Qf8+ Qf7 51. Qa8 {Hoping for Qa1+.} Qd5 52. Qa1+ Qd4 53. Qc1 c6 54. Qa3 Qd5 55. Qa1+ Qd4 56. Qa8 {Intending Qf8+ and mate.} Qd5 $2 {[%mdl 8192]} (56... Kf7 $11) 57. Qf8+ Ke6 58. Qe8+ {Precision: White = 48%, Black = 38%.} 1-0

[Event "EYCC Open U16 2018"]
[Site "Riga"]
[Date "2018.08.20"]
[Round "1"]
[White "Globus, Or"]
[Black "Huynh, Laurent"]
[Result "1-0"]
[WhiteElo "2402"]
[BlackElo "2071"]
[Annotator "NA"]
[PlyCount "89"]
[EventDate "2018.08.20"]
[EventType "swiss"]
[EventCountry "LAT"]
[SourceTitle "playchess.com"]
[Source "ChessBase"]
[SourceQuality "1"]
[TimeControl "40/5400+30:1800+30"]

1. d4 {[%emt 0:00:00]} Nf6 {[%emt 0:00:00]} 2. c4 {[%emt 0:00:00]} e6 {[%emt 0:00:00]} 3. g3 {[%emt 0:00:00]} Bb4+ {[%emt 0:00:06]} 4. Bd2 {[%emt 0:00:00]} Be7 {[%emt 0:00:15]} 5. Bg2 {[%emt 0:00:00]} d5 {[%emt 0:02:12]} 6. Nf3 {[%emt 0:00:06]} O-O {[%emt 0:01:29]} 7. O-O {[%emt 0:00:05]} Nbd7 {[%emt 0:00:38]} 8. Qc2 {[%emt 0:02:10] E11: Bogo-Indian} Ne4 {[%emt 0:12:40]} 9. Bc1 {[%emt 0:05:17]} c6 {[%emt 0:00:35]} 10. b3 {[%emt 0:04:12] LiveBook: 10 Games} f5 {[%emt 0:02:23]} 11. Nbd2 $146 {[%emt 0:03:31]} ({Predecessor:} 11. Nfd2 Qe8 12. Nc3 Qh5 13. Ndxe4 fxe4 14. f3 Bf6 15. e3 exf3 16. Bxf3 Qe8 17. Bd2 {0-1 (25) Deac,B (2566)-Karjakin,S (2760) Medias 2017}) 11... g5 {[%emt 0:05:23]} 12. Bb2 {[%emt 0:07:10]} Qe8 {[%emt 0:05:57]} 13. Nxe4 {[%emt 0:07:48]} fxe4 {[%emt 0:00:45]} 14. Ne1 {[%emt 0:03:12]} Qh5 {[%emt 0:07:26]} 15. f3 {[%emt 0:05:56]} exf3 {[%emt 0:13:17]} 16. Rxf3 $16 {[%emt 0:09:28]} Nf6 {[%emt 0:02:13]} 17. Nd3 {[%emt 0:03:47]} Bd7 {[%emt 0:10:50]} 18. Ne5 {[%emt 0:07:43]} Rad8 {[%emt 0:01:26]} 19. Raf1 {[%emt 0:06:13]} Be8 {[%emt 0:08:59]} 20. Bc1 {[%emt 0:11:18]} Ng4 {[%emt 0:03:45]} 21. Rxf8+ {[%emt 0:04:43]} Bxf8 {[%emt 0:00:02]} 22. Nf3 {[%emt 0:01:04]} Be7 {[%emt 0:06:32]} 23. h3 {[%emt 0:02:15]} Nh6 {[%emt 0:00:02]} 24. g4 {[%emt 0:04:33]} Nxg4 {[%emt 0:00:02]} 25. hxg4 {[%emt 0:00:08]} Qxg4 {[%emt 0:00:06]} 26. Qd2 {[%emt 0:05:43]} dxc4 {[%emt 0:00:41]} 27. bxc4 {[%emt 0:00:52]} h6 {[%emt 0:00:25]} 28. Ne5 {[%emt 0:03:44]} Qxd4+ {[%emt 0:01:49]} 29. Qxd4 {[%emt 0:00:02]} Rxd4 {[%emt 0:00:01]} 30. Bh3 {[%emt 0:00:12]} Re4 {[%emt 0:02:34]} 31. Bxe6+ {[%emt 0:00:55]} Kg7 {[%emt 0:00:01]} 32. Bf5 {[%emt 0:02:28]} Bc5+ {[%emt 0:01:03]} 33. e3 {[%emt 0:00:55]} Rxe5 {[%emt 0:03:26]} 34. Bb2 {[%emt 0:00:05]} Bd6 {[%emt 0:01:08]} 35. Rd1 {[%emt 0:00:55]} Bc7 {[%emt 0:00:29]} 36. Bxe5+ {[%emt 0:00:45]} Bxe5 {[%emt 0:00:02]} 37. Rd8 {[%emt 0:00:03]} Bf7 {[%emt 0:00:25]} 38. Rd7 {[%emt 0:00:29]} Kf6 {[%emt 0:00:05]} 39. Bd3 {[%emt 0:00:21]} a5 {[%emt 0:06:54]} 40. Rxb7 {[%emt 0:00:00]} Be8 {[%emt 0:00:00]} 41. Be4 {[%emt 0:04:59]} Bd6 {[%emt 0:07:25]} 42. Bxc6 {[%emt 0:03:51]} Bxc6 {[%emt 0:00:32]} 43. Rb6 {[%emt 0:00:05]} Ke5 {[%emt 0:00:31]} 44. Rxc6 {[%emt 0:00:12]} g4 {[%emt 0:00:29]} 45. Ra6 {[%emt 0:05:12]} 1-0

[Event "EYCC Open U16 2018"]
[Site "Riga"]
[Date "2018.08.20"]
[Round "1"]
[White "Salemgareev, Tagir"]
[Black "Angst, Oliver"]
[Result "1-0"]
[WhiteElo "2375"]
[BlackElo "2061"]
[Annotator "NA"]
[PlyCount "64"]
[EventDate "2018.08.20"]
[EventType "swiss"]
[EventCountry "LAT"]
[SourceTitle "playchess.com"]
[Source "ChessBase"]
[SourceQuality "1"]
[TimeControl "40/5400+30:1800+30"]

1. d4 {[%emt 0:00:00]} d5 {[%emt 0:00:00]} 2. c4 {[%emt 0:00:00]} c6 {[%emt 0:00:00]} 3. Nf3 {[%emt 0:00:00]} Nf6 {[%emt 0:00:00]} 4. Qc2 {[%emt 0:00:00]} dxc4 {[%emt 0:00:49]} 5. e4 {[%emt 0:00:00] LiveBook: 155 Games} b5 {[%emt 0:01:25]} 6. b3 {[%emt 0:00:06]} cxb3 {[%emt 0:23:05]} 7. axb3 {[%emt 0:00:06]} e5 $14 {[%emt 0:01:53]} 8. dxe5 {[%emt 0:02:31]} Bb4+ {[%emt 0:02:08]} 9. Bd2 {[%emt 0:04:29]} Bxd2+ {[%emt 0:00:23]} 10. Nbxd2 {[%emt 0:00:06]} Ng4 {[%emt 0:04:12]} 11. Qc5 {[%emt 0:02:26]} Qe7 {[%emt 0:02:41]} 12. Qxe7+ {[%emt 0:03:09]} Kxe7 {[%emt 0:00:35]} 13. h3 {[%emt 0:00:06]} Nh6 {[%emt 0:01:07]} 14. b4 {[%emt 0:04:15]} Be6 {[%emt 0:02:14]} 15. Be2 {[%emt 0:01:58]} Rc8 {[%emt 0:05:04]} 16. O-O {[%emt 0:01:21]} Nd7 {[%emt 0:03:02]} 17. Rfc1 {[%emt 0:01:55]} a6 {[%emt 0:20:07]} 18. Rc3 {[%emt 0:02:53]} c5 {[%emt 0:05:07]} 19. bxc5 {[%emt 0:01:02]} b4 {[%emt 0:00:14]} 20. Rcc1 {[%emt 0:09:36]} Rxc5 {[%emt 0:04:36]} 21. Rcb1 {[%emt 0:00:52]} a5 {[%emt 0:11:19]} 22. Rxb4 {[%emt 0:02:02]} axb4 {[%emt 0:00:02]} 23. Rxa8 {[%emt 0:00:14]} Rc7 {[%emt 0:02:43]} 24. Ra5 {[%emt 0:02:35]} Rc1+ {[%emt 0:02:44]} 25. Kh2 {[%emt 0:05:16]} b3 {[%emt 0:04:42]} 26. Rb5 {[%emt 0:01:59]} Rc5 {[%emt 0:01:06]} 27. Rb7 {[%emt 0:00:39]} Rc2 {[%emt 0:00:57]} 28. Bd1 {[%emt 0:02:55]} Kd8 {[%emt 0:01:05]} 29. Kg3 {[%emt 0:02:47]} Nxe5 {[%emt 0:00:34]} 30. Nxe5 {[%emt 0:08:56]} Rxd2 {[%emt 0:00:21]} 31. Bxb3 {[%emt 0:00:05]} Bxb3 {[%emt 0:00:43]} 32. Rxb3 {[%emt 0:00:05]} f5 {[%emt 0:00:28]} 1-0

[Event "EYCC Open U16 2018"]
[Site "Riga"]
[Date "2018.08.20"]
[Round "1"]
[White "Baenziger, Fabian"]
[Black "Jazdanovs, Aleksandrs"]
[Result "1-0"]
[WhiteElo "2373"]
[BlackElo "2042"]
[Annotator "NA"]
[PlyCount "55"]
[EventDate "2018.08.20"]
[EventType "swiss"]
[EventCountry "LAT"]
[SourceTitle "playchess.com"]
[Source "ChessBase"]
[SourceQuality "1"]
[TimeControl "40/5400+30:1800+30"]

1. Nf3 {[%emt 0:00:00]} Nf6 {[%emt 0:00:07]} 2. g3 {[%emt 0:00:03]} b6 {[%emt 0:00:56]} 3. Bg2 {[%emt 0:00:24]} Bb7 {[%emt 0:01:02]} 4. d3 {[%emt 0:00:49]} d5 {[%emt 0:02:21]} 5. O-O {[%emt 0:00:37]} e6 {[%emt 0:04:13]} 6. Nbd2 {[%emt 0:00:53]} Be7 {[%emt 0:03:07]} 7. e4 {[%emt 0:00:53] LiveBook: 173 Games} dxe4 {[%emt 0:02:51]} 8. dxe4 {[%emt 0:02:18]} Nbd7 {[%emt 0:10:15]} ({Nur nicht} 8... Nxe4 $2 9. Ne5 $18) 9. Qe2 {[%emt 0:07:41]} e5 {[%emt 0:08:13]} 10. Rd1 {[%emt 0:11:12]} c6 {[%emt 0:04:35]} 11. Nc4 {[%emt 0:14:59]} Qc7 $16 {[%emt 0:03:57]} 12. Nh4 {[%emt 0:04:22]} g6 {[%emt 0:06:51]} 13. Bh6 {[%emt 0:08:50]} O-O-O {[%emt 0:04:48]} 14. Nf3 {[%emt 0:10:25]} b5 {[%emt 0:09:14]} 15. Ncd2 {[%emt 0:00:15]} Ng4 {[%emt 0:00:53]} 16. Be3 {[%emt 0:05:06]} Nxe3 {[%emt 0:04:45]} 17. Qxe3 {[%emt 0:00:11]} Qb6 {[%emt 0:02:22]} 18. Qxb6 {[%emt 0:08:29]} axb6 {[%emt 0:00:22]} 19. Bh3 {[%emt 0:00:03]} f6 {[%emt 0:01:26]} 20. a4 {[%emt 0:00:58]} bxa4 {[%emt 0:06:24]} 21. Nc4 {[%emt 0:00:50]} Bc5 {[%emt 0:00:08]} 22. Nfxe5 {[%emt 0:02:54]} fxe5 {[%emt 0:02:14]} 23. Nxe5 {[%emt 0:00:07]} Kc7 {[%emt 0:00:10]} 24. Rxd7+ {[%emt 0:03:41]} Rxd7 {[%emt 0:00:11]} 25. Nxd7 {[%emt 0:00:04]} Bc8 {[%emt 0:02:59]} 26. Nxc5 {[%emt 0:04:40]} Bxh3 {[%emt 0:00:07]} 27. Nxa4 {[%emt 0:00:17]} b5 {[%emt 0:00:57]} 28. Nc5 {[%emt 0:00:30]} 1-0

[Event "EYCC Open U16 2018"]
[Site "Riga"]
[Date "2018.08.20"]
[Round "1"]
[White "Thybo, Thomas Sondergaard"]
[Black "Blohberger, Felix"]
[Result "1/2-1/2"]
[WhiteElo "2090"]
[BlackElo "2427"]
[Annotator "TA"]
[PlyCount "100"]
[EventDate "2018.08.20"]
[EventType "swiss"]
[EventCountry "LAT"]
[SourceTitle "playchess.com"]
[Source "ChessBase"]
[SourceQuality "1"]

{[%evp 28,100,0,-47,-47,-88,-22,-38,-30,-41,-16,-16,-16,-16,-9,-22,5,-13,-5,-33,15,0,24,14,18,11,60,43,53,39,37,-21,12,17,36,0,9,22,76,38,45,10,16,11,20,22,61,30,30,22,32,0,22,24,27,30,36,35,45,43,48,0,31,6,33,24,28,23,24,0,0,0,0,0,41]} 1. e4 c5 2. Nf3 d6 3. d4 cxd4 4. Nxd4 Nf6 5. Nc3 a6 6. Be2 e5 7. Nb3 Be7 8. Bg5 Be6 9. Bxf6 Bxf6 10. Qd3 O-O 11. O-O-O {B92: Sicilian Najdorf: 6 Be2} Be7 12. Kb1 Nd7 13. Nd5 Bxd5 14. Qxd5 Qc7 15. Qd3 {LiveBook: 4 Games} b5 {[#]} 16. Bf3 $146 ({Predecessor:} 16. h4 a5 17. Nd2 Rfc8 18. Bg4 Qb7 19. Bxd7 Qxd7 {1-0 (66) Duda,J (2587)-Areshchenko,A (2701) Lublin 2014}) 16... Nb6 (16... a5 $17) 17. Nd2 $11 Rfc8 18. Nf1 Nc4 19. Bg4 Rcb8 {[%cal Bc8b8,Bb8b6,Bb6c6][%mdl 32]} 20. Ne3 Nxe3 21. Qxe3 Rb6 22. h4 Rc6 23. Rd2 Qb8 24. Qb3 Bd8 25. Bh5 Ra7 26. Qd5 Qa8 (26... Qb6 {is interesting.} 27. g3 Bf6 28. Be2 Be7 29. Qb3 Rac7) 27. g3 Bb6 28. Rhd1 Qe8 29. Rd3 ({White should try} 29. f4 $14) 29... g6 30. Bg4 b4 31. R3d2 Bd4 32. h5 a5 (32... Rb7 $11) 33. hxg6 $16 hxg6 34. Be2 {[#] Strongly threatening Bb5.} Rc5 35. Qxd6 Rac7 36. Qf6 {Threatening mate with Rh1.} Qe7 37. Qxe7 (37. Qf3 {feels hotter.} a4 38. Qh1 Kg7 39. Qh2 Qf6 40. Qh3) 37... Rxe7 38. Bd3 Re6 39. f4 Be3 40. f5 gxf5 41. exf5 Rh6 42. Re2 Bd4 43. g4 f6 44. Rg2 Rc7 45. Be4 $36 {[%mdl 2048] White has some pressure.} Rh3 46. g5 fxg5 47. Rxg5+ Rg7 48. Bd5+ Kf8 {The position is equal.} 49. Rxg7 Kxg7 50. Rd3 Rxd3 {Precision: White = 40%, Black = 44%.} 1/2-1/2

[Event "EYCC Open U16 2018"]
[Site "Riga"]
[Date "2018.08.20"]
[Round "1"]
[White "Vuckovic, Marko"]
[Black "Baidetskyi, Valentin"]
[Result "0-1"]
[WhiteElo "2088"]
[BlackElo "2411"]
[Annotator "TA"]
[PlyCount "54"]
[EventDate "2018.08.20"]
[EventType "swiss"]
[EventCountry "LAT"]
[SourceTitle "playchess.com"]
[Source "ChessBase"]
[SourceQuality "1"]

{[%evp 13,54,31,25,0,-11,-4,9,18,10,10,16,0,12,-113,-92,-114,-114,-110,-110,-107,-118,-116,-113,-142,-139,-273,-269,-379,-381,-382,-368,-814,-808,-788,-806,-805,-769,-774,-737,-723,-726,-1319,-927]} 1. e4 Nf6 2. e5 Nd5 3. d4 d6 4. Nf3 g6 5. c4 Nb6 6. Nc3 Bg7 7. Be3 {B04: Alekhine's Defence: 4 Nf3} O-O {LiveBook: 6 Games} 8. h3 (8. Be2 Nc6 9. exd6 cxd6 10. O-O Bg4 11. b3 d5 12. c5 Nc8 13. a3 e6 14. b4 a6 15. Ne1 Bxe2 16. Nxe2 N8e7 17. Ng3 b6 18. Rb1 bxc5 19. dxc5 Rb8 20. Qe2 Qc8 {1-0 (68) Andriasian,Z (2586)-Mikaelyan,A (2500) Yerevan 2018}) 8... dxe5 9. Nxe5 $146 {The position is equal.} ({Predecessor:} 9. dxe5 Be6 10. c5 Nc4 11. Bxc4 Bxc4 12. Qa4 Be6 13. Rd1 Qc8 14. O-O Nc6 {½-½ (49) Jelica,M (2235)-Genocchio,D (2431) Pula 2011}) 9... Be6 10. b3 c5 11. Rc1 cxd4 12. Bxd4 Qc8 13. Qf3 {[#]} (13. Qd2 $11) 13... Rd8 $1 $17 {[%cal Rd8d4]} 14. Qe3 {[#]} Rxd4 $1 15. Qxd4 N6d7 16. f4 Nxe5 17. fxe5 Nc6 $36 {[%cal Bb8c6,Bc6b4,Bb4a2,Ba2c1][%mdl 2080] Black has strong initiative.} 18. Qh4 Qc7 19. Bd3 (19. Be2 $17) 19... Qxe5+ $19 20. Ne2 (20. Be4 $142 f5 21. O-O fxe4 22. Qxe4) 20... Rd8 21. Rd1 Nb4 22. Bb1 $2 (22. Qg3 Qxg3+ 23. Nxg3 Rxd3 24. Rxd3 Nxd3+ 25. Ke2) 22... Rxd1+ {Black is clearly winning.} 23. Kxd1 Qb2 24. Be4 Nxa2 25. Qf4 Be5 26. Qe3 Qa1+ 27. Nc1 Nxc1 {Precision: White = 15%, Black = 83%.} 0-1

[Event "EYCC Open U16 2018"]
[Site "Riga"]
[Date "2018.08.20"]
[Round "1"]
[White "Postnikov, Roman"]
[Black "Gorshtein, Ido"]
[Result "0-1"]
[WhiteElo "2070"]
[BlackElo "2375"]
[Annotator "NA"]
[PlyCount "166"]
[EventDate "2018.08.20"]
[EventType "swiss"]
[EventCountry "LAT"]
[SourceTitle "playchess.com"]
[Source "ChessBase"]
[SourceQuality "1"]
[TimeControl "40/5400+30:1800+30"]

1. d4 {[%emt 0:00:00]} Nf6 {[%emt 0:00:00]} 2. c4 {[%emt 0:00:00]} e6 {[%emt 0:00:00]} 3. g3 {[%emt 0:00:14]} c5 {[%emt 0:00:00]} 4. d5 {[%emt 0:00:14]} exd5 {[%emt 0:00:00]} 5. cxd5 {[%emt 0:00:11]} b5 {[%emt 0:00:02]} 6. a4 {[%emt 0:05:10] A60: Benoni (Moderne Benoni-Verteidigung)} (6. Bg2 d6 7. Nf3 g6 8. O-O Bg7 9. e4 O-O 10. Re1 Re8 11. e5 dxe5 12. Nxe5 Bb7 13. Nc6 Rxe1+ 14. Qxe1 Qd7 15. Ne5 {0-1 (32) Li,C (2751)-Ivanchuk,V (2710) Huaian 2016}) 6... b4 {[%emt 0:00:07]} 7. Bg2 {[%emt 0:11:23] LiveBook: 10 Games} d6 {[%emt 0:01:24]} 8. Nh3 {[%emt 0:02:47]} g6 {[%emt 0:02:10]} 9. b3 {[%emt 0:05:14]} Bg7 {[%emt 0:01:07]} 10. Bb2 {[%emt 0:00:02]} O-O {[%emt 0:00:09]} 11. O-O {[%emt 0:00:22]} Nbd7 {[%emt 0:01:24]} 12. Nd2 $146 {[%emt 0:09:57]} ({Vorgänger:} 12. Nf4 a5 13. Nd2 Nb6 14. e4 Re8 15. Qc2 {½-½ (31) Duong,T (2354)-Cao,S (2470) Ho Chi Minh City 2013}) 12... Re8 {[%emt 0:04:12]} 13. Nc4 {[%emt 0:12:46]} Nb6 {[%emt 0:02:53]} 14. Nf4 {[%emt 0:12:52]} Nxc4 {[%emt 0:02:40]} 15. bxc4 {[%emt 0:00:03]} a5 {[%emt 0:00:20]} 16. Re1 $17 {[%emt 0:02:06]} Ra7 {[%emt 0:01:46]} 17. e4 {[%emt 0:01:32]} Nd7 {[%emt 0:01:33]} 18. Bxg7 {[%emt 0:01:45]} Kxg7 {[%emt 0:00:02]} 19. Nd3 {[%emt 0:00:10]} Qf6 {[%emt 0:01:18]} 20. Qb3 {[%emt 0:01:40]} Ba6 {[%emt 0:03:05]} 21. Rac1 {[%emt 0:02:47]} Ne5 {[%emt 0:13:16]} 22. Nxe5 {[%emt 0:00:05]} Qxe5 {[%emt 0:00:15]} 23. f4 {[%emt 0:00:51]} Qd4+ {[%emt 0:01:33]} 24. Kh1 {[%emt 0:00:14]} Qf6 {[%emt 0:02:55]} 25. Re3 {[%emt 0:03:50]} Rae7 {[%emt 0:04:25]} 26. Qd3 {[%emt 0:01:33]} Qb2 {[%emt 0:08:42]} 27. Qd1 {[%emt 0:01:56]} Qf6 {[%emt 0:11:18]} 28. Qe2 {[%emt 0:03:21]} Kf8 {[%emt 0:08:49]} 29. Rd1 {[%emt 0:01:42]} Bb7 {[%emt 0:14:47]} 30. Kg1 {[%emt 0:02:07]} Ba6 {[%emt 0:01:44]} 31. e5 {[%emt 0:01:04]} Qg7 {[%emt 0:00:17]} 32. Bh3 {[%emt 0:02:31]} f5 {[%emt 0:03:37]} 33. Bg2 {[%emt 0:00:39]} Bc8 {[%emt 0:01:33]} 34. e6 {[%emt 0:01:42]} Qf6 {[%emt 0:01:34]} 35. Qd3 {[%emt 0:02:05]} b3 {[%emt 0:01:52]} 36. Qxb3 {[%emt 0:02:03]} Rb7 {[%emt 0:00:08]} 37. Qc3 {[%emt 0:03:15]} Qxc3 {[%emt 0:00:06]} 38. Rxc3 {[%emt 0:00:04]} Rb4 {[%emt 0:00:28]} 39. Ra1 {[%emt 0:02:04]} Ba6 {[%emt 0:00:02]} 40. Bf1 {[%emt 0:00:00]} Ke7 {[%emt 0:00:00]} 41. h3 {[%emt 0:04:38]} h5 {[%emt 0:01:25]} 42. Kf2 {[%emt 0:02:19]} Reb8 {[%emt 0:00:06]} 43. g4 {[%emt 0:02:25]} Rb2+ {[%emt 0:04:30]} 44. Kg3 {[%emt 0:02:23]} Kf6 {[%emt 0:00:15]} 45. Re1 {[%emt 0:02:32]} Ke7 {[%emt 0:00:36]} 46. Kh4 {[%emt 0:02:31]} hxg4 {[%emt 0:04:18]} 47. hxg4 {[%emt 0:01:44]} Rh8+ {[%emt 0:01:53]} 48. Kg5 {[%emt 0:00:27]} fxg4 {[%emt 0:01:23]} 49. Kxg4 {[%emt 0:04:19]} Rh1 {[%emt 0:08:29]} 50. Rh3 {[%emt 0:01:17]} Rxh3 {[%emt 0:00:03]} 51. Kxh3 {[%emt 0:01:46]} Rb4 {[%emt 0:00:45]} 52. Kg4 {[%emt 0:00:54]} Rxa4 {[%emt 0:02:01]} 53. Kg5 {[%emt 0:01:35]} Ra3 {[%emt 0:01:02]} 54. Kxg6 {[%emt 0:00:26]} Rg3+ {[%emt 0:00:02]} 55. Kh5 {[%emt 0:00:41]} Rg1 {[%emt 0:04:02]} 56. Rb1 {[%emt 0:06:00]} a4 {[%emt 0:04:46]} 57. Rb6 {[%emt 0:03:29]} Bc8 {[%emt 0:01:01]} 58. Bd3 {[%emt 0:02:09]} Rd1 {[%emt 0:03:12]} 59. Bc2 {[%emt 0:02:22]} a3 {[%emt 0:00:13]} 60. Rb1 {[%emt 0:00:53]} Rd2 {[%emt 0:01:23]} 61. Ba4 {[%emt 0:01:31]} Ba6 {[%emt 0:03:33]} 62. Rb6 {[%emt 0:01:18]} Bc8 {[%emt 0:00:13]} 63. Rc6 {[%emt 0:00:45]} Bxe6 {[%emt 0:02:08]} 64. Ra6 {[%emt 0:00:29]} Rh2+ {[%emt 0:00:45]} 65. Kg5 {[%emt 0:00:07]} Rg2+ {[%emt 0:00:02]} 66. Kh5 {[%emt 0:00:13]} Bf5 {[%emt 0:00:34]} 67. Bb3 {[%emt 0:01:01]} Rg3 {[%emt 0:00:27]} 68. Bd1 {[%emt 0:00:35]} Bb1 {[%emt 0:02:15]} 69. Kh4 {[%emt 0:00:18]} Rg1 {[%emt 0:00:11]} 70. Bb3 {[%emt 0:00:44]} Bf5 {[%emt 0:00:17]} 71. Ba2 {[%emt 0:00:26]} Rg4+ {[%emt 0:00:22]} 72. Kh3 {[%emt 0:00:44]} Rxf4+ {[%emt 0:00:57]} 73. Kg3 {[%emt 0:00:08]} Rd4 {[%emt 0:00:10]} 74. Rxa3 {[%emt 0:00:08]} Bd3 {[%emt 0:00:26]} 75. Rc3 {[%emt 0:00:20]} Kf6 {[%emt 0:00:23]} 76. Kf2 {[%emt 0:00:28]} Ke5 {[%emt 0:00:08]} 77. Ke3 {[%emt 0:00:07]} Bf5 {[%emt 0:00:07]} 78. Bb3 {[%emt 0:00:52]} Re4+ {[%emt 0:00:34]} 79. Kd2 {[%emt 0:00:12]} Rh4 {[%emt 0:00:11]} 80. Rg3 {[%emt 0:01:42]} Kd4 {[%emt 0:00:51]} 81. Kc1 {[%emt 0:00:31]} Rh3 {[%emt 0:00:44]} 82. Rxh3 {[%emt 0:00:28]} Bxh3 {[%emt 0:00:01]} 83. Kd2 {[%emt 0:00:39]} Bf1 {[%emt 0:00:02]} 0-1